000 00791nam a2200241 i 4500
001 183586
003 ES-MaACL
005 20250307141812.0
008 140724s2011 sp | |||||||| | spa d
020 _a978-84-15233-24-4
080 _a821.134.2-14"19"
100 1 _aLopera, José María.
_9147304
245 1 0 _aDe luz, de amor y de ceniza /
_cJosé María Lopera.
250 _a1ª ed.
260 _aMadrid :
_bVitruvio,
_c2011.
300 _a111 p. ;
_c21 cm.
490 1 _aColección Baños del Carmen ;
_v266
830 0 _aColección Baños del Carmen
_v266
_9183030
852 _aES-MaACL
_jA-13189
_9190528
_bR.150148
_cDEPO1
_dOlim: N-6189
_hDonación: José María Lopera
903 _9147304
_aLopera, José María
_ednr
942 _2udc
_cMONOGRAFIA
999 _c183586
_d183586